01455cam a2200397 4500001001400000005001700014008004100031020003100072035002800103035004100131040002300172041001300195044001100208072006500219080002600284080002300310080002300333100003600356240003100392245014100423246001900564250001500583264002900598300002300627336002600650337002900676338002900705500008100734655003900815655003300854655003500887655003800922655003200960655002600992700003901018vtls01200442420251113122232.0230501s2020 xo gr 000 f slo  a9788022210621q(viazané) aurn:nbn:sk:snk-am00ijfg a96A38AB5-6ADD-49DB-B8EC-E502E5F30C28 aSNKbslocSNKerda1 asloheng axocSK 7a821.111-3xAnglická próza, anglicky písaná2konspekt a821.111(415)-3122011 a(0:82-311.6)22011 a(0:82-312.5)220111 aRiley, Lucinda,d1965-20214aut14aThe moon sisterlSlovensky10aMesačná sestrabpríbeh TiggycLucinda Rileyová ; z anglického originálu The Moon Sister ... preložila Mária Kočanová30aPríbeh Tiggy aVydanie I. 1aBratislavabTatranc2020 a541 stránc24 cm atextbtxt2rdacontent abez médiabn2rdamedia azväzokbnc2rdacarrier aObsahuje biografické údaje o autorke na záložke prebalu publikácie 7aírske romány (anglicky)2SNKPH 7ahistorické romány2SNKPH 7aľúbostné romány2SNKPH 7aIrish fiction (English)2SNKPHeng 7aHistorical novels2SNKPHeng 7aLove novels2SNKPHeng1 aKočanová, Mária,d1955-4trl